[Event "Montreal op"]
[Site "Montreal CAN"]
[Date "2025.09.06"]
[Round "4.27"]
[White "Morin-Pare, Victor"]
[Black "Nassar, Marc"]
[Result "0-1"]
[WhiteElo "1873"]
[BlackElo "1946"]
[WhiteFideId "-1"]
[WhiteFideId "-1"]
[PlyCount "96"]
[GameId "2221284413374023"]
[EventDate "2025.09.03"]
[EventType "swiss"]
[EventRounds "7"]
[EventCountry "CAN"]

1. d4 c5 2. dxc5 e6 3. Nc3 Bxc5 4. Ne4 d5 5. Nxc5 Qa5+ 6. c3 Qxc5 7. Nf3 Nc6 8. Bf4 Nf6 9. e3 O-O 10. Bd3 Re8 11. Ne5 h6 12. Qf3 Nxe5 13. Bxe5 Nd7 14. Bg3 e5 15. Bc2 d4 16. Bb3 Nf6 17. O-O dxc3 18. Rac1 Qb6 19. Qe2 Bg4 20. f3 cxb2 21. Qxb2 Be6 22. Bxe5 Qxe3+ 23. Kh1 Bxb3 24. Rfe1 Qb6 25. Bxf6 Qxf6 26. Qxf6 gxf6 27. axb3 Rxe1+ 28. Rxe1 Rc8 29. Kg1 Rc3 30. Rb1 Rc2 31. h4 Kf8 32. Re1 Rc3 33. Rb1 Ke7 34. Kf2 f5 35. Kg3 Kf6 36. Rb2 a5 37. Kf4 Rd3 38. Ra2 b6 39. Rb2 Rd4+ 40. Kg3 Rb4 41. Kh3 a4 42. Ra2 axb3 43. Rb2 Ke5 44. g4 Kf4 45. h5 f6 46. gxf5 Kxf3 47. Kh2 Ke3 48. Kg3 Kd3 0-1

[Event "Montreal op"]
[Site "Montreal CAN"]
[Date "2025.09.06"]
[Round "4.28"]
[White "Atmani, Amine"]
[Black "Turcotte, Jonathan"]
[Result "1-0"]
[WhiteElo "1871"]
[BlackElo "1945"]
[WhiteFideId "-1"]
[WhiteFideId "-1"]
[PlyCount "87"]
[GameId "2221284413374024"]
[EventDate "2025.09.03"]
[EventType "swiss"]
[EventRounds "7"]
[EventCountry "CAN"]

1. d4 Nf6 2. c4 e6 3. Nc3 Bb4 4. a3 Bxc3+ 5. bxc3 O-O 6. f3 b6 7. e4 Ne8 8. Bd3 Nc6 9. Ne2 Ba6 10. Ng3 Na5 11. Qe2 c5 12. O-O Rc8 13. d5 exd5 14. cxd5 Bxd3 15. Qxd3 Nb3 16. c4 Nxc1 17. Raxc1 Qf6 18. Nf5 g6 19. Nh6+ Kg7 20. Ng4 Qg5 21. Qc3+ f6 22. e5 h5 23. exf6+ Nxf6 24. Nxf6 Qxf6 25. Rfe1 Rce8 26. Rxe8 Rxe8 27. Kf2 Qd4+ 28. Qxd4+ cxd4 29. Re1 Rxe1 30. Kxe1 Kf6 31. Ke2 Ke5 32. Kd3 g5 33. g3 d6 34. a4 a6 35. f4+ gxf4 36. gxf4+ Kxf4 37. a5 bxa5 38. c5 a4 39. cxd6 a3 40. d7 a2 41. d8=Q a1=Q 42. Qf6+ Kg4 43. Qxd4+ Qxd4+ 44. Kxd4 1-0

[Event "Montreal op"]
[Site "Montreal CAN"]
[Date "2025.09.06"]
[Round "4.31"]
[White "Lima-Barbosa, Raphael"]
[Black "Huynh, Nhu Phuong Nghi"]
[Result "0-1"]
[WhiteElo "1925"]
[BlackElo "1400"]
[WhiteFideId "-1"]
[WhiteFideId "-1"]
[PlyCount "42"]
[GameId "2221284413374028"]
[EventDate "2025.09.03"]
[EventType "swiss"]
[EventRounds "7"]
[EventCountry "CAN"]

1. e4 d6 2. d4 Nf6 3. Nc3 g6 4. f4 Bg7 5. Qd2 O-O 6. Nf3 Bg4 7. Qf2 Nfd7 8. e5 c5 9. Be3 Bxf3 10. Qxf3 cxd4 11. Bxd4 dxe5 12. fxe5 Nxe5 13. Bxe5 Bxe5 14. Qxb7 Qd4 15. Qxa8 Qe3+ 16. Be2 Bxc3+ 17. bxc3 Qxc3+ 18. Kf2 Qd4+ 19. Kf3 Nd7 20. Qb7 Ne5+ 21. Kg3 g5 0-1

[Event "Montreal op"]
[Site "Montreal CAN"]
[Date "2025.09.06"]
[Round "4.32"]
[White "Duval, Mathieu"]
[Black "Lalande, Auguste"]
[Result "1-0"]
[WhiteElo "1929"]
[BlackElo "1400"]
[WhiteFideId "-1"]
[WhiteFideId "-1"]
[PlyCount "75"]
[GameId "2221284413374029"]
[EventDate "2025.09.03"]
[EventType "swiss"]
[EventRounds "7"]
[EventCountry "CAN"]

1. d4 Nf6 2. c4 g6 3. g3 Bg7 4. Bg2 d5 5. Nf3 O-O 6. O-O c6 7. cxd5 cxd5 8. Nc3 Ne4 9. Nxe4 dxe4 10. Ne5 Qd5 11. Be3 Nd7 12. Nd3 Nf6 13. Ne5 Bd7 14. f3 Bf5 15. g4 exf3 16. exf3 Be6 17. g5 Nd7 18. f4 Qb5 19. d5 Bf5 20. Ng4 Qd3 21. Nh6+ Bxh6 22. Qxd3 Bxd3 23. Rfd1 Bg7 24. Rxd3 Rac8 25. d6 exd6 26. Rxd6 Rc7 27. Rad1 Nb6 28. Bxb6 axb6 29. Rxb6 Ra8 30. a3 Ra6 31. Rd8+ Bf8 32. Rxb7 Rxb7 33. Bxb7 Rb6 34. Bd5 Rxb2 35. Rd7 Bxa3 36. Rxf7 Kh8 37. Rc7 Bd6 38. Rc8+ 1-0

[Event "Montreal op"]
[Site "Montreal CAN"]
[Date "2025.09.06"]
[Round "4.33"]
[White "Morteza, Arian"]
[Black "Wu, Ting En Ryan"]
[Result "0-1"]
[WhiteElo "1910"]
[BlackElo "1743"]
[WhiteFideId "-1"]
[WhiteFideId "-1"]
[PlyCount "126"]
[GameId "2221284413374030"]
[EventDate "2025.09.03"]
[EventType "swiss"]
[EventRounds "7"]
[EventCountry "CAN"]

1. d4 Nf6 2. c4 e6 3. Nc3 Bb4 4. Qc2 O-O 5. Nf3 d5 6. e3 Nbd7 7. a3 Bxc3+ 8. Qxc3 c5 9. Bd3 b6 10. cxd5 Nxd5 11. Qc2 h6 12. O-O cxd4 13. exd4 Bb7 14. Ne5 Rc8 15. Qe2 Nxe5 16. dxe5 Rxc1 17. Raxc1 Nf4 18. Qe3 Nxd3 19. Rc2 Qd5 20. f4 Rd8 21. Rd1 Ba6 22. h3 Qb3 23. Rdd2 Qa4 24. Rc7 Rd7 25. b3 Qb5 26. Rc3 Rd5 27. b4 Qd7 28. Rdc2 Ne1 29. Rc1 Rd1 30. Kh2 Rxc1 31. Qxc1 Nd3 32. Qe3 g6 33. Rc2 Kg7 34. Rd2 Qd5 35. a4 Bc4 36. b5 a6 37. a5 bxa5 38. b6 Bb5 39. Rc2 Nb4 40. Rc7 Bc6 41. Qg3 a4 42. h4 Nd3 43. f5 exf5 44. e6 Ne5 45. e7 f4 46. Qh3 Qd6 47. Qc3 Kh7 48. Rc8 Qxe7 49. Rxc6 Nxc6 50. Qxc6 Qxh4+ 51. Kg1 Qe1+ 52. Kh2 Qh4+ 53. Kg1 a3 54. Qc3 Qg3 55. Qf6 Qe1+ 56. Kh2 Qg3+ 57. Kg1 Qe1+ 58. Kh2 Qg3+ 59. Kg1 Qe1+ 60. Kh2 Qe6 61. Qd4 a2 62. b7 Qb3 63. Qa7 Qg3+ 0-1

[Event "Montreal op"]
[Site "Montreal CAN"]
[Date "2025.09.06"]
[Round "4.34"]
[White "Nagelberg, Alan"]
[Black "Zhang, Yitian"]
[Result "0-1"]
[WhiteElo "1881"]
[BlackElo "1833"]
[WhiteFideId "-1"]
[WhiteFideId "-1"]
[PlyCount "156"]
[GameId "2221284413374031"]
[EventDate "2025.09.03"]
[EventType "swiss"]
[EventRounds "7"]
[EventCountry "CAN"]

1. c4 Nf6 2. Nc3 e6 3. e4 d5 4. e5 d4 5. exf6 dxc3 6. bxc3 Qxf6 7. d4 b6 8. Nf3 Bb7 9. Be2 h6 10. O-O Bd6 11. Be3 O-O 12. Qa4 Bc6 13. Qb3 Nd7 14. Nd2 Rfd8 15. d5 exd5 16. cxd5 Qe5 17. Nf3 Qxd5 18. Qxd5 Bxd5 19. Rfd1 Bb7 20. Nd4 a6 21. Nf5 Be5 22. Bd4 Be4 23. Ng3 Bb7 24. Nf5 Kh7 25. Bxe5 Nxe5 26. f4 Ng6 27. g3 Be4 28. Ne3 a5 29. Kf2 Kg8 30. a3 Kf8 31. Bc4 Ne7 32. g4 Bc6 33. h4 Ba4 34. Rxd8+ Rxd8 35. Ke2 Ng6 36. f5 Ne5 37. Ba6 b5 38. c4 Nxc4 39. Nxc4 bxc4 40. Bxc4 Rd4 41. Bd3 Rxg4 42. Rc1 c6 43. Rh1 Rg2+ 44. Ke3 Ra2 45. Kd4 Rxa3 46. Rb1 Rb3 47. Rh1 Bb5 48. Bc2 Rb4+ 49. Ke3 a4 50. h5 Rb2 51. Be4 c5 52. Ra1 c4 53. Kd4 Rh2 54. Rb1 Bd7 55. Rb7 Ke8 56. Rb8+ Ke7 57. Rb7 a3 58. Ra7 a2 59. Kxc4 Rxh5 60. Rxa2 Rh4 61. Kd3 Rh3+ 62. Kd4 Kf6 63. Ra7 Bxf5 64. Bxf5 Kxf5 65. Rxf7+ Kg6 66. Rf8 Kh5 67. Ke4 g5 68. Rf1 Kh4 69. Kf5 h5 70. Rf2 g4 71. Kf4 Rh1 72. Rg2 Rf1+ 73. Ke3 Kh3 74. Ra2 g3 75. Ra5 h4 76. Ke2 g2 77. Ra3+ Kh2 78. Ra4 g1=Q 0-1

[Event "Montreal op"]
[Site "Montreal CAN"]
[Date "2025.09.06"]
[Round "5.2"]
[White "Latorre, Vincent"]
[Black "Lesiege, Alexandre"]
[Result "1/2-1/2"]
[WhiteElo "2319"]
[BlackElo "2465"]
[WhiteFideId "-1"]
[WhiteFideId "-1"]
[PlyCount "119"]
[GameId "2220181514410494"]
[EventDate "2025.09.03"]
[EventType "swiss"]
[EventRounds "7"]
[EventCountry "CAN"]

1. e4 e5 2. Nf3 Nc6 3. Bb5 a6 4. Ba4 g6 5. O-O Bg7 6. c3 Nge7 7. d4 exd4 8. cxd4 b5 9. Bb3 O-O 10. d5 Na5 11. Bd2 Nxb3 12. Qxb3 c5 13. Bc3 Bxc3 14. Nxc3 d6 15. a4 Rb8 16. axb5 axb5 17. Ne2 Re8 18. Nf4 Bg4 19. Nd2 g5 20. Qg3 gxf4 21. Qxg4+ Ng6 22. Nf3 Qf6 23. Ra7 h6 24. Re1 Kh7 25. Qh5 Re7 26. e5 dxe5 27. Rxe7 Qxe7 28. Nxe5 Re8 29. Qf5 Kg7 30. d6 Qe6 31. d7 Rd8 32. Qxe6 fxe6 33. Nxg6 Kxg6 34. Rxe6+ Kf5 35. Rc6 c4 36. Rc5+ Ke4 37. Rxb5 Rxd7 38. h4 Rd3 39. Kf1 f3 40. gxf3+ Kxf3 41. Rf5+ Kg4 42. Rc5 Rd4 43. h5 Kf3 44. Ke1 Rh4 45. Kd2 Kxf2 46. Kc3 Kg3 47. Rxc4 Rxh5 48. b4 Rb5 49. Rc5 Rb8 50. Rh5 Rb6 51. Kc4 Kg4 52. Rh1 h5 53. Kc5 Rb8 54. b5 h4 55. b6 h3 56. Kc6 Kg3 57. b7 Kg2 58. Rxh3 Kxh3 59. Kc7 Rxb7+ 60. Kxb7 1/2-1/2

[Event "Montreal op"]
[Site "Montreal CAN"]
[Date "2025.09.06"]
[Round "5.3"]
[White "Sambuev, Bator"]
[Black "Chiku-Ratte, Olivier-Kenta"]
[Result "1/2-1/2"]
[WhiteElo "2431"]
[BlackElo "2319"]
[WhiteFideId "-1"]
[WhiteFideId "-1"]
[PlyCount "218"]
[GameId "2220181514410495"]
[EventDate "2025.09.03"]
[EventType "swiss"]
[EventRounds "7"]
[EventCountry "CAN"]

1. c4 e6 2. Nc3 c5 3. Nf3 Nc6 4. g3 d5 5. cxd5 exd5 6. d4 Nf6 7. Bg2 cxd4 8. Nxd4 Bc5 9. Nb3 Bb6 10. O-O d4 11. Na4 O-O 12. Nxb6 axb6 13. e4 Bg4 14. f3 Be6 15. Rf2 Bxb3 16. Qxb3 Nd7 17. Bd2 Nc5 18. Qc4 Re8 19. b4 Ne5 20. Qb5 Nb3 21. Rd1 Nxd2 22. Rfxd2 d3 23. h3 Qg5 24. Qxb6 Nc4 25. Qc5 Qxc5+ 26. bxc5 Nxd2 27. Rxd2 Red8 28. Bf1 Rac8 29. Bxd3 Rxc5 30. Kf2 Kf8 31. Ke2 Rc3 32. f4 f6 33. h4 Ke7 34. g4 h6 35. h5 Ra3 36. Ke3 Rd7 37. Ke2 b6 38. Ke3 Rc3 39. Rd1 Ra3 40. Rd2 b5 41. Ke2 Rda7 42. Bxb5 Rxa2 43. Rxa2 Rxa2+ 44. Ke3 Ra3+ 45. Bd3 Ra4 46. Bc2 Rb4 47. Kd3 Kd6 48. Kc3 Kc5 49. Kd3 Rb2 50. Bd1 Rb1 51. Bf3 Rb3+ 52. Ke2 Kd4 53. Kf2 Rb5 54. Kg3 Ke3 55. Bg2 Rb4 56. e5 fxe5 57. fxe5 Rb5 58. g5 Rxe5 59. gxh6 gxh6 60. Kh4 Kf4 61. Bc6 Re1 62. Kh3 Re3+ 63. Kh4 Re2 64. Kh3 Kf5 65. Kg3 Kg5 66. Bf3 Re3 67. Kg2 Kf4 68. Bd5 Re7 69. Kh3 Rd7 70. Bc6 Rd8 71. Kg2 Rf8 72. Bf3 Rg8+ 73. Kf2 Rb8 74. Bd5 Rb2+ 75. Kf1 Kg3 76. Be4 Rh2 77. Bg6 Kf3 78. Ke1 Ke3 79. Kf1 Rf2+ 80. Ke1 Ra2 81. Kf1 Kf3 82. Ke1 Rh2 83. Kd1 Ke3 84. Be8 Rg2 85. Bg6 Ra2 86. Be8 Kf2 87. Bg6 Ke3 88. Be8 Rd2+ 89. Ke1 Rd8 90. Bg6 Kf3 91. Bf7 Rd6 92. Bg6 Rd7 93. Bf5 Rd5 94. Bg6 Rd4 95. Bf7 Ke3 96. Bg6 Rh4 97. Kd1 Rh1+ 98. Kc2 Ra1 99. Bf7 Ra5 100. Bg6 Rc5+ 101. Kd1 Kf3 102. Kd2 Rd5+ 103. Ke1 Re5+ 104. Kd2 Re7 105. Kd1 Kf2 106. Kd2 Rd7+ 107. Kc3 Ke3 108. Kc4 Kf4 109. Be8 Rd8 1/2-1/2

[Event "Montreal op"]
[Site "Montreal CAN"]
[Date "2025.09.06"]
[Round "5.4"]
[White "Migot, Tangi"]
[Black "Duong, Thanh Nha"]
[Result "1/2-1/2"]
[WhiteElo "2324"]
[BlackElo "2145"]
[WhiteFideId "-1"]
[WhiteFideId "-1"]
[PlyCount "152"]
[GameId "2220181514410496"]
[EventDate "2025.09.03"]
[EventType "swiss"]
[EventRounds "7"]
[EventCountry "CAN"]

1. e4 e6 2. d4 d5 3. Nc3 dxe4 4. Nxe4 Nd7 5. Nf3 Ngf6 6. Nxf6+ Nxf6 7. Be3 Bd6 8. Bd3 O-O 9. Qe2 b6 10. O-O-O Bb7 11. h4 Qe7 12. h5 Nd5 13. Kb1 Nf4 14. Bxf4 Bxf4 15. Be4 Bxe4 16. Qxe4 Bd6 17. Rhe1 Qf6 18. c4 a5 19. a3 a4 20. Re2 Rfd8 21. Rd3 Qf4 22. Qxf4 Bxf4 23. g3 Bd6 24. Kc2 Kf8 25. g4 h6 26. Ne5 Bxe5 27. Rxe5 Rd7 28. Kc3 Rad8 29. Rb5 Ke7 30. f4 Rd6 31. c5 Rd5 32. Kc4 bxc5 33. Rxc5 Kd6 34. b4 axb3 35. Rxb3 Rxc5+ 36. dxc5+ Kc6 37. a4 Ra8 38. Ra3 Ra5 39. Kb4 Rxc5 40. a5 Rb5+ 41. Kc4 Rb8 42. f5 Re8 43. fxe6 fxe6 44. Rf3 e5 45. Rb3 e4 46. a6 Ra8 47. Ra3 Kb6 48. Kd5 Rxa6 49. Rb3+ Ka7 50. Kxe4 g6 51. hxg6 Rxg6 52. Kd5 Rb6 53. Rh3 Kb7 54. Kc5 Rg6 55. Rb3+ Kc8 56. Rb4 Kd7 57. Re4 Rg5+ 58. Kd4 Kd6 59. Rf4 Ke6 60. Re4+ Kf6 61. Rf4+ Kg6 62. Ke3 Rc5 63. Rf8 Rc3+ 64. Kf4 Rc4+ 65. Kf3 c5 66. Rc8 Rc1 67. Kf4 Rc4+ 68. Kf3 Kg5 69. Rg8+ Kf6 70. Rh8 Kg7 71. Rc8 Rc1 72. Kf4 c4 73. Rc7+ Kf8 74. Ke3 Rc3+ 75. Kd4 Rg3 76. Kxc4 Rxg4+ 1/2-1/2

[Event "Montreal op"]
[Site "Montreal CAN"]
[Date "2025.09.06"]
[Round "5.5"]
[White "Tanaka, Tyler"]
[Black "Navarro Guerrero, Pavel"]
[Result "1-0"]
[WhiteElo "2244"]
[BlackElo "2100"]
[WhiteFideId "-1"]
[WhiteFideId "-1"]
[PlyCount "105"]
[GameId "2220181514410497"]
[EventDate "2025.09.03"]
[EventType "swiss"]
[EventRounds "7"]
[EventCountry "CAN"]

1. Nf3 Nf6 2. g3 g6 3. b3 Bg7 4. Bb2 O-O 5. Bg2 c5 6. c4 Nc6 7. O-O d6 8. Nc3 Bd7 9. d4 cxd4 10. Nxd4 Qa5 11. Qd2 Rfc8 12. Rad1 Nxd4 13. Qxd4 Bc6 14. Bxc6 bxc6 15. Qd2 Qf5 16. Rfe1 Ne4 17. Nxe4 Qxe4 18. Bxg7 Kxg7 19. Qc3+ f6 20. c5 Qe5 21. Qxe5 dxe5 22. Rd7 Kf7 23. Red1 a5 24. Rb7 Rd8 25. Rd6 Rxd6 26. cxd6 Ke6 27. dxe7 Re8 28. Rc7 Kd6 29. Ra7 Rxe7 30. Rxa5 e4 31. g4 c5 32. Kg2 f5 33. Kg3 fxg4 34. Kxg4 Rf7 35. Kg3 g5 36. h3 h5 37. Ra6+ Ke5 38. Rc6 Kd5 39. Rg6 Rf5 40. e3 c4 41. bxc4+ Kxc4 42. Rd6 Re5 43. Rd4+ Kc3 44. a4 Kb3 45. a5 Rxa5 46. Rxe4 Kc3 47. Rd4 Rf5 48. Rd8 Kc4 49. f3 Re5 50. e4 Ra5 51. Rh8 g4 52. hxg4 hxg4 53. Kxg4 1-0

[Event "Montreal op"]
[Site "Montreal CAN"]
[Date "2025.09.06"]
[Round "5.6"]
[White "Huang, Qiuyu"]
[Black "Guillemette, Hugo"]
[Result "0-1"]
[WhiteElo "2043"]
[BlackElo "2180"]
[WhiteFideId "-1"]
[WhiteFideId "-1"]
[PlyCount "62"]
[GameId "2220181514451458"]
[EventDate "2025.09.03"]
[EventType "swiss"]
[EventRounds "7"]
[EventCountry "CAN"]

1. e4 c5 2. Nf3 e6 3. d4 cxd4 4. Nxd4 Nc6 5. Nc3 Qc7 6. Be2 a6 7. O-O Nf6 8. Be3 Bb4 9. Na4 Be7 10. f3 b5 11. Nc3 Bb7 12. Nb3 d6 13. Qe1 O-O 14. Qf2 Ne5 15. Rfd1 Ned7 16. Bf1 d5 17. exd5 Nxd5 18. Nxd5 Bxd5 19. Rac1 Bd6 20. Qh4 Ne5 21. Qh5 Ng6 22. Bd3 Rac8 23. c3 f5 24. Bf1 Nf4 25. Qh4 Rf6 26. Qe1 Bxb3 27. axb3 Nd5 28. Bg5 Bxh2+ 29. Kh1 Bg3 30. Qe2 Rg6 31. c4 Nf4 0-1

[Event "Montreal op"]
[Site "Montreal CAN"]
[Date "2025.09.06"]
[Round "5.7"]
[White "Chapdelaine, Gwyn"]
[Black "Martinez Mulet, Dario Leonel"]
[Result "0-1"]
[WhiteElo "1884"]
[BlackElo "2173"]
[WhiteFideId "-1"]
[WhiteFideId "-1"]
[PlyCount "114"]
[GameId "2220181514451459"]
[EventDate "2025.09.03"]
[EventType "swiss"]
[EventRounds "7"]
[EventCountry "CAN"]

1. e4 c6 2. d4 d5 3. f3 e6 4. Nc3 Bb4 5. a3 Ba5 6. b4 Bb6 7. Be3 e5 8. Qd2 Ne7 9. Rd1 dxe4 10. Nxe4 Bf5 11. dxe5 Qxd2+ 12. Bxd2 Bxe4 13. fxe4 a5 14. Bc4 axb4 15. axb4 Nd7 16. Nf3 h6 17. Bc3 Nf8 18. Nd4 Bxd4 19. Bxd4 Ne6 20. Bxe6 fxe6 21. O-O Rf8 22. Rxf8+ Kxf8 23. Bc5 Ke8 24. Rd6 Ng6 25. Rxe6+ Kf7 26. Rd6 Nxe5 27. Bd4 Re8 28. Kf2 Ng4+ 29. Kf3 Nxh2+ 30. Kf4 Nf1 31. Bc5 g5+ 32. Kf3 h5 33. Rd7+ Kg6 34. c4 Nh2+ 35. Ke3 Ng4+ 36. Kd4 Rxe4+ 37. Kxe4 Nf6+ 38. Kd4 Nxd7 39. Bd6 Kf5 40. b5 Ke6 41. Bc7 c5+ 42. Ke4 Nf6+ 43. Kf3 Kf5 44. g3 Nd7 45. Kf2 Ke4 46. g4 hxg4 47. Kg3 Kd4 48. Kxg4 Kxc4 49. b6 Kb5 50. Kxg5 Nxb6 51. Kf5 Nd5 52. Bd6 Kc4 53. Ke4 b5 54. Be5 b4 55. Kf3 Kd3 56. Kf2 b3 57. Ke1 Nc3 0-1

[Event "Montreal op"]
[Site "Montreal CAN"]
[Date "2025.09.06"]
[Round "5.8"]
[White "Saine, Zachary"]
[Black "Zhu, Hong Rui"]
[Result "1/2-1/2"]
[WhiteElo "2068"]
[BlackElo "2212"]
[WhiteFideId "-1"]
[WhiteFideId "-1"]
[PlyCount "79"]
[GameId "2220181514496516"]
[EventDate "2025.09.03"]
[EventType "swiss"]
[EventRounds "7"]
[EventCountry "CAN"]

1. e4 c5 2. Nf3 g6 3. c3 Bg7 4. d4 cxd4 5. cxd4 d5 6. e5 f6 7. Bb5+ Bd7 8. Bxd7+ Qxd7 9. O-O Nc6 10. Re1 fxe5 11. Nxe5 Nxe5 12. dxe5 e6 13. Bg5 h6 14. Bd2 Ne7 15. Qf3 Rf8 16. Qd3 g5 17. Bb4 Rf5 18. Bd6 Nc6 19. Qg3 Bf8 20. Bxf8 Kxf8 21. Nd2 Qg7 22. Nf3 Kg8 23. h3 Raf8 24. b4 a6 25. a4 Rf4 26. b5 Ne7 27. bxa6 bxa6 28. Nh2 h5 29. Qd3 a5 30. Qa6 Qg6 31. Re2 Nf5 32. Rb2 g4 33. hxg4 hxg4 34. Nf1 g3 35. fxg3 Nxg3 36. Nxg3 Qxg3 37. Qxe6+ R8f7 38. Qh3 Qxh3 39. gxh3 Rg7+ 40. Rg2 1/2-1/2

[Event "Montreal op"]
[Site "Montreal CAN"]
[Date "2025.09.06"]
[Round "5.9"]
[White "Adam, Rafael"]
[Black "Genzling, Jerome"]
[Result "1-0"]
[WhiteElo "2160"]
[BlackElo "2019"]
[WhiteFideId "-1"]
[WhiteFideId "-1"]
[PlyCount "119"]
[GameId "2220187903240922"]
[EventDate "2025.09.03"]
[EventType "swiss"]
[EventRounds "7"]
[EventCountry "CAN"]

1. Nf3 c5 2. g3 Nc6 3. Bg2 Nf6 4. O-O g6 5. c4 d5 6. cxd5 Nxd5 7. d4 cxd4 8. Nxd4 Ndb4 9. Nxc6 Qxd1 10. Rxd1 Nxc6 11. Bxc6+ bxc6 12. Be3 Bg7 13. Bd4 O-O 14. Nc3 Rb8 15. b3 Bf5 16. Rac1 Bh6 17. Bxa7 Bxc1 18. Bxb8 Bb2 19. Na4 Rxb8 20. Nxb2 Ra8 21. Na4 Ra5 22. f3 Kg7 23. Kf2 Be6 24. Rc1 Bd7 25. Rc5 Ra6 26. Ke3 f6 27. Rc2 Ra5 28. Kd4 Kf7 29. Nc5 Be8 30. a4 e5+ 31. Kc4 Ke7 32. b4 Ra7 33. Rd2 Bf7+ 34. Kc3 Be8 35. a5 Bf7 36. e4 Bg8 37. a6 Be6 38. Nxe6 Kxe6 39. Ra2 Kd6 40. Kc4 f5 41. g4 fxg4 42. fxg4 h5 43. gxh5 gxh5 44. h4 Kc7 45. Kc5 Ra8 46. a7 Kb7 47. Rg2 Rf8 48. Rg7+ Ka8 49. Re7 Rf4 50. Kb6 Rf8 51. Ka6 Rc8 52. Rxe5 Rh8 53. Rf5 Re8 54. e5 Rg8 55. e6 Re8 56. e7 c5 57. Rf8 c4 58. b5 c3 59. b6 Rxf8 60. b7# 1-0

[Event "Montreal op"]
[Site "Montreal CAN"]
[Date "2025.09.06"]
[Round "5.10"]
[White "Batorshyn, Ilia"]
[Black "Sun, Jonathan"]
[Result "1-0"]
[WhiteElo "2189"]
[BlackElo "1790"]
[WhiteFideId "-1"]
[WhiteFideId "-1"]
[PlyCount "59"]
[GameId "2220195250354917"]
[EventDate "2025.09.03"]
[EventType "swiss"]
[EventRounds "7"]
[EventCountry "CAN"]

1. d4 Nf6 2. c4 g6 3. Nc3 Bg7 4. e4 d6 5. Nf3 O-O 6. Be2 e5 7. Be3 Nc6 8. d5 Ne7 9. Nd2 Nd7 10. b4 f5 11. f3 Nf6 12. c5 f4 13. Bf2 g5 14. Nc4 Ng6 15. cxd6 cxd6 16. Nb5 Ne8 17. Nxa7 Rf7 18. Nxc8 Rxc8 19. a4 Nf6 20. a5 g4 21. b5 Nxe4 22. fxe4 f3 23. gxf3 gxf3 24. Bd3 Nf4 25. Qb3 Nh3 26. Rf1 Bh6 27. a6 bxa6 28. bxa6 Nxf2 29. Rxf2 Rxc4 30. Bxc4 1-0

[Event "Montreal op"]
[Site "Montreal CAN"]
[Date "2025.09.06"]
[Round "5.11"]
[White "Gutierrez, Renzo"]
[Black "Salman, Samer"]
[Result "1-0"]
[WhiteElo "2172"]
[BlackElo "1967"]
[WhiteFideId "-1"]
[WhiteFideId "-1"]
[PlyCount "99"]
[GameId "2220196171614957"]
[EventDate "2025.09.03"]
[EventType "swiss"]
[EventRounds "7"]
[EventCountry "CAN"]

1. d4 Nf6 2. c4 g6 3. Nc3 Bg7 4. e4 d6 5. f3 O-O 6. Bg5 c5 7. d5 e6 8. Qd2 exd5 9. cxd5 h6 10. Be3 a6 11. a4 Re8 12. Nge2 Nbd7 13. Nc1 Ne5 14. Be2 Kh7 15. O-O Qa5 16. Ra3 Rb8 17. Qc2 h5 18. h3 Ned7 19. Nb3 Qc7 20. Nd2 b6 21. Rb1 Bb7 22. g4 hxg4 23. hxg4 Rh8 24. Kg2 Kg8 25. Raa1 Re8 26. Bf4 Nxd5 27. Nxd5 Bxd5 28. Bxa6 Bc6 29. Rh1 Ne5 30. Bc4 Qd7 31. Rxh8+ Bxh8 32. Bd5 Bxd5 33. exd5 Nxg4 34. Nc4 Be5 35. Bg5 Kg7 36. Nxb6 Qb7 37. a5 f6 38. Bd2 Nh6 39. Bxh6+ Kxh6 40. Rh1+ Kg7 41. Qd2 g5 42. Qd3 Rh8 43. Rxh8 Kxh8 44. b3 Kg7 45. Qb5 Kh6 46. Qd7 Qa6 47. Nc4 Bc3 48. Qc6 Qa7 49. Qxd6 Qh7 50. Qh2+ 1-0

[Event "Montreal op"]
[Site "Montreal CAN"]
[Date "2025.09.06"]
[Round "5.12"]
[White "Gavrilin, Roman"]
[Black "Gueorguiev, Valentin"]
[Result "1-0"]
[WhiteElo "2148"]
[BlackElo "1933"]
[WhiteFideId "-1"]
[WhiteFideId "-1"]
[PlyCount "131"]
[GameId "2221636302307939"]
[EventDate "2025.09.03"]
[EventType "swiss"]
[EventRounds "7"]
[EventCountry "CAN"]

1. e4 c5 2. Nf3 e6 3. d4 cxd4 4. Nxd4 a6 5. Bd3 b5 6. a4 b4 7. Qe2 Nf6 8. Be3 Bb7 9. Nd2 Be7 10. g4 d5 11. e5 Ne4 12. Nxe4 dxe4 13. Bc4 Qc7 14. Bf4 O-O 15. O-O-O Nc6 16. Nxc6 Qxc6 17. Bb3 Rfd8 18. Kb1 Rac8 19. Rhe1 Qc5 20. Rxd8+ Rxd8 21. Bg3 Qd4 22. h4 Bc5 23. Kc1 Qd7 24. Kb1 Bb6 25. h5 Bc5 26. Bh4 Rc8 27. Rd1 Qc7 28. Bg3 Be7 29. Rd4 Bc5 30. Rd1 Qb6 31. g5 Rd8 32. Rxd8+ Qxd8 33. g6 hxg6 34. hxg6 Bd5 35. gxf7+ Kxf7 36. Qxa6 Bxb3 37. cxb3 Qd1+ 38. Ka2 Qg4 39. Qc4 Be7 40. a5 Qf3 41. a6 e3 42. fxe3 Qxe3 43. Qf1+ Kg8 44. Qb5 Bc5 45. Bf4 Qf2 46. Bd2 Qd4 47. Qc4 Qxe5 48. Bxb4 Bd4 49. Bc3 Bxc3 50. Qxc3 Qb5 51. Qc4 Qb6 52. b4 Kf7 53. Qc8 Qd4 54. Qb7+ Kg6 55. a7 Qc4+ 56. Ka3 Qd3+ 57. Ka4 Qc2+ 58. Ka5 Qxb2 59. a8=Q Qa3+ 60. Kb5 Qd3+ 61. Kb6 Qd4+ 62. Kc7 Qe5+ 63. Kd7 Qd4+ 64. Ke8 Qf6 65. Qe4+ Kh6 66. Qh1+ 1-0

[Event "Montreal op"]
[Site "Montreal CAN"]
[Date "2025.09.06"]
[Round "5.13"]
[White "Arruebarrena, Rafael"]
[Black "Morin, Richer"]
[Result "0-1"]
[WhiteElo "2107"]
[BlackElo "1859"]
[WhiteFideId "-1"]
[WhiteFideId "-1"]
[PlyCount "62"]
[GameId "2220221009465419"]
[EventDate "2025.09.03"]
[EventType "swiss"]
[EventRounds "7"]
[EventCountry "CAN"]

1. e4 e5 2. Nf3 Nc6 3. Bb5 a6 4. Ba4 Nf6 5. O-O Be7 6. Re1 b5 7. Bb3 O-O 8. a4 Rb8 9. axb5 axb5 10. d3 d6 11. Nbd2 Be6 12. c3 Bxb3 13. Qxb3 d5 14. exd5 Nxd5 15. Nxe5 Nxe5 16. Rxe5 Nf4 17. d4 c5 18. Nf3 c4 19. Qc2 Nd3 20. Re2 Bd6 21. Be3 Ra8 22. Rb1 f5 23. b3 f4 24. Bc1 Ra5 25. Re6 Ba3 26. Bxa3 Rxa3 27. Qe2 Qa8 28. bxc4 bxc4 29. Re7 Ra1 30. Qe6+ Kh8 31. Reb7 Qa2 0-1

[Event "Montreal op"]
[Site "Montreal CAN"]
[Date "2025.09.06"]
[Round "5.14"]
[White "Saha, Ananda"]
[Black "Moses, Neil"]
[Result "1-0"]
[WhiteElo "2106"]
[BlackElo "2056"]
[WhiteFideId "-1"]
[WhiteFideId "-1"]
[PlyCount "46"]
[GameId "2220222725193811"]
[EventDate "2025.09.03"]
[EventType "swiss"]
[EventRounds "7"]
[EventCountry "CAN"]

1. d4 d5 2. c4 c6 3. Nf3 Nf6 4. e3 e6 5. Nbd2 Nbd7 6. Bd3 Bd6 7. O-O O-O 8. Re1 h6 9. b3 Qe7 10. Bb2 e5 11. e4 dxe4 12. dxe5 Nxe5 13. Nxe4 Nxf3+ 14. Qxf3 Nxe4 15. Bxe4 Qg5 16. h3 Be6 17. Rad1 Bc7 18. Bc2 Rfe8 19. Qd3 f5 20. Qc3 Bd8 21. h4 Qg6 22. Bxf5 Bf6 23. Bxg6 Bxc3 1-0

[Event "Montreal op"]
[Site "Montreal CAN"]
[Date "2025.09.06"]
[Round "5.15"]
[White "Robichaud, Louis"]
[Black "Kraiouchkine, Nikita"]
[Result "1-0"]
[WhiteElo "1914"]
[BlackElo "2165"]
[WhiteFideId "-1"]
[WhiteFideId "-1"]
[PlyCount "93"]
[GameId "2220223647940699"]
[EventDate "2025.09.03"]
[EventType "swiss"]
[EventRounds "7"]
[EventCountry "CAN"]

1. Nf3 c5 2. g3 Nc6 3. Bg2 g6 4. d3 Bg7 5. O-O e5 6. e4 Nge7 7. Nc3 d6 8. Nh4 O-O 9. f4 f5 10. fxe5 Nxe5 11. Bg5 h6 12. Bxe7 Qxe7 13. exf5 gxf5 14. Nd5 Qg5 15. c3 Bd7 16. Nf4 Rab8 17. Qb3+ Kh7 18. Rae1 b5 19. Nf3 Qg4 20. Nxe5 Bxe5 21. Ne6 Rfe8 22. Nc7 Rg8 23. Nd5 Qg5 24. Qd1 Bc6 25. Rxf5 Qxf5 26. Be4 Qxe4 27. dxe4 Bd7 28. Nf6+ Bxf6 29. Qxd6 Rbf8 30. Qxd7+ Rg7 31. Qf5+ Kh8 32. e5 Be7 33. Qh5 Kh7 34. e6 Rg5 35. Qd1 h5 36. Qd7 Rg7 37. Qd3+ Kg8 38. Re4 c4 39. Qd5 h4 40. Kg2 Rd8 41. Qxb5 hxg3 42. hxg3 Rd2+ 43. Kf3 Rd3+ 44. Re3 Rxg3+ 45. Kxg3 Rxe3+ 46. Kf4 Re2 47. Qe8+ 1-0